Guess the Fusion Rock Song Lyrics #133 - Statistics

General Stats
  • This quiz has been taken 17 times
  • The average score is 210 of 277
Answer Stats
Answer % Correct
love
100%
Love
100%
a
92%
I
92%
me
92%
my
92%
My
92%
And
85%
and
85%
boy
85%
Boy
85%
the
85%
The
85%
was
85%
you
85%
do
77%
just
77%
like
77%
little
77%
loves
77%
man
77%
on
77%
think
77%
to
77%
When
77%
who
77%
Who
77%
you're
77%
be
69%
down
69%
get
69%
if
69%
I'm
69%
Paul Simon
69%
rock
69%
say
69%
she
69%
She
69%
would
69%
call
62%
got
62%
her
62%
I've
62%
knees
62%
name
62%
now
62%
of
62%
Oh
62%
oh
62%
can
54%
devil
54%
fooling
54%
hug
54%
in
54%
mama
54%
president
54%
ages
46%
I'd
46%
up
46%
baby
38%
called
38%
grown
38%
presidential
38%
seal
38%
Congress
31%
podium
31%
consecrated
23%
consummated
23%
choir
15%
purity
15%
Sunday
15%
Singer
8%
minute
0%
snatch
0%
No matching quizzes found
Score Distribution
Percent of People with Each Score
Percentile by Number Answered
Your Score History
You have not taken this quiz